Central Library OPAC University of Rajshahi

The National experience : (Record no. 28066)

MARC details
000 -LEADER
fixed length control field 00981cam a2200277 a 4500
001 - CONTROL NUMBER
control field 28066
003 - CONTROL NUMBER IDENTIFIER
rucl marc code BD-RjUL
005 - DATE AND TIME OF LATEST TRANSACTION
control field 20211209051232.0
008 - FIXED-LENGTH DATA ELEMENTS--GENERAL INFORMATION
fixed length control field 140329s1981 nyua b 001 0 eng d
020 ## - INTERNATIONAL STANDARD BOOK NUMBER
International Standard Book Number 0155656732 (pbk. : v. 1)
035 ## - SYSTEM CONTROL NUMBER
System control number (BD-RjUL)28147
040 ## - CATALOGING SOURCE
Original cataloging agency DLC
Transcribing agency DLC
Modifying agency DLC
-- BD-RjUL
Language of cataloging eng
041 ## - LANGUAGE CODE
Language code of text/sound track or separate title eng
082 00 - DEWEY DECIMAL CLASSIFICATION NUMBER
Classification number 973
Edition number 19
Author mark and year NAT Pt-1 1981
245 04 - TITLE STATEMENT
Title The National experience :
Statement of responsibility, etc. John M. Blum ... [et al.].
Remainder of title A History of the United States to 1877 /
Number of part/section of a work Part One
250 ## - EDITION STATEMENT
Edition statement 5th ed.
260 ## - PUBLICATION, DISTRIBUTION, ETC. (IMPRINT)
Place of publication, distribution, etc. New York :
Name of publisher, distributor, etc. Harcourt, Brace, Jovanovich,
Date of publication, distribution, etc. c1981.
300 ## - PHYSICAL DESCRIPTION
Pagination xiv,970 p. :
Illustrations ill. ;
Size 26 cm.
500 ## - GENERAL NOTE
General note Also published as a combined single vol.
General note Includes index.
504 ## - BIBLIOGRAPHY, ETC. NOTE
Bibliography, etc Bibliography: v. 1, p. 408-409.
505 1# - FORMATTED CONTENTS NOTE
Formatted contents note pt. 1. A History of the United States to 1877.pt. 2- A history of the United States since 1865
651 #0 - SUBJECT ADDED ENTRY--GEOGRAPHIC NAME
Geographic name United States
General subdivision History.
9 (RLIN) 86045
700 1# - ADDED ENTRY--PERSONAL NAME
Personal name Blum, John Morton,
Dates associated with a name 1921-2011.
942 ## - ADDED ENTRY ELEMENTS (KOHA)
Source of classification or shelving scheme Dewey Decimal Classification
Koha item type Books
Holdings
Lost status Source of classification or shelving scheme Damaged status Not for loan Collection code Permanent Location Current Location Shelving location Date acquired Source of acquisition Total Checkouts Full call number Date last seen Copy number Koha item type
  Dewey Decimal Classification   Added to bundle Non-fiction Central Library, University of Rajshahi Central Library, University of Rajshahi Reading Room 03/09/1988 Asia Fundation Gift   973 NAT Pt-1 1981 29/03/2014 C-1 Books
  Dewey Decimal Classification     Non-fiction Central Library, University of Rajshahi Central Library, University of Rajshahi   17/04/1990 Asia Foundation   973 NAT Pt-1 1981 15/02/2017 C-2 Books
  Dewey Decimal Classification   Not For Loan Non-fiction Central Library, University of Rajshahi Central Library, University of Rajshahi Reading Room 16/04/1990 Asia Foundation   973 NAT Pt-2 1981 25/02/2017 C-1 Books